000 00226nam a22000857a 4500
008 160914b xxu||||| |||| 00| 0 eng d
100 _9434
_aVedam.C.J.
245 _aComputer era.Next-VII
260 _aNew Delhi
_bG.L Publications
_c2011
999 _c3093
_d3093